000 01614nam a2200289 c 4500
003 BLK
005 20250110131939.0
008 180408b bul|||||r ||||||| ||bul||
020 _a9786199096017
040 _aBLK
041 _aBUL
_cBUL
080 _aФилософски мистицизъм. Ранни езотерични школи. Кабала. Теософия. Антропософия. Суфизъм. Еклектизъм. Синкретизъм. Херметизъм. Розенкройцерство. Др. школи
_b141.33
_z141.33
080 _aРелигия и наука. Теология и философия. Знание и вяра. Конфликт между църквата и науката Вж и 001;1;291. 1;234; 239
_b215
_z215
100 _aДънов, Петър Константинов
_cБеинса Дуно ; Учителя Беинса Дуно
_d1864-1944
_gФилософ, създава Школата на Всемирното Бяло братство в България
_eпърви автор
_9363384
139 _aДънов, Петър Константинов
_bД 95
245 1 0 _aМетоди на Бялата магия
_bИз словото на Учителя Петър Дънов
257 _aBGR
260 _bЛира Принт
_c2023
_9209533
_aСофия
_n954-8610-
300 _a196 с.
_c18 см
380 _a1
650 4 _aДъновизъм
_9153927
653 _aдъновизъм
856 4 _qpdf
856 4 _qpdf
942 _cKNG
_n0
_s1
_03
999 _c507929
_d507929
944 _a30545
_cНора Радева
_k30576
_lЦветомила Тодорова